Harry Potter facts, true or false? Quiz Stats

 Plays Quiz not verified by Sporcle

Also try: Superhero Shoes
Challenge
Share
Tweet
Embed
Score 0/14 Timer 07:00
0 Plays Today
Fact True/False % Correct
????
100%
????
98.5%
????
96.9%
????
96.9%
????
94.9%
????
94.9%
????
94.4%
Fact True/False % Correct
????
94.4%
????
93.8%
????
93.3%
????
92.8%
????
92.8%
????
92.8%
????
92.8%

You're not logged in!

Compare scores with friends on all Sporcle quizzes.
Join for Free
OR
Log In

You Might Also Like...

Show Comments

Extras

Top Quizzes Today


Score Distribution

Your Account Isn't Verified!

In order to create a playlist on Sporcle, you need to verify the email address you used during registration. Go to your Sporcle Settings to finish the process.

Report this User

Report this user for behavior that violates our Community Guidelines.

Details: